Modern optical engineering (Record no. 77597)
[ view plain ]
| 000 -LEADER | |
|---|---|
| fixed length control field | 00608nam a2200145 a 4500 |
| 008 - FIXED-LENGTH DATA ELEMENTS--GENERAL INFORMATION | |
| fixed length control field | 120416s1966 xx |||||||||||||| || u |
| 050 ## - LIBRARY OF CONGRESS CALL NUMBER | |
| Classification number | TS 513 Smi |
| 100 ## - MAIN ENTRY--PERSONAL NAME | |
| Personal name | Smith, W. J |
| 245 10 - TITLE STATEMENT | |
| Title | Modern optical engineering |
| 246 ## - | |
| -- | the design of optical systems |
| 260 ## - PUBLICATION, DISTRIBUTION, ETC. | |
| Date of publication, distribution, etc. | 1966 |
| 350 ## - | |
| -- | 0.00 |
| 995 ## - | |
| -- | ANNEX COLLECTION (Main Library) |
| -- | 0.00 |
| -- | 015999 |
| -- | CBU-MAIN LIBRARY (Kitwe) |
| -- | 2 |
| -- | 8.50 |
| -- | TS 513 Smi |
| -- | AVAILABLE |
| -- | 015999 |
| -- | Annex Low-Usage Collection |
| 995 ## - | |
| -- | ANNEX COLLECTION (Main Library) |
| -- | 0.00 |
| -- | 015998 |
| -- | CBU-MAIN LIBRARY (Kitwe) |
| -- | 1 |
| -- | 8.50 |
| -- | TS 513 Smi |
| -- | AVAILABLE |
| -- | 015998 |
| -- | Annex Low-Usage Collection |
| 999 ## - | |
| -- | 77597 |
| -- | 77597 |
| Withdrawn status | Lost status | Source of classification or shelving scheme | Damaged status | Not for loan | Permanent Location | Current Location | Shelving location | Date acquired | Total Checkouts | Full call number | Barcode | Date last seen | Copy number | Price effective from | Koha item type |
|---|---|---|---|---|---|---|---|---|---|---|---|---|---|---|---|
| CBU-MAIN LIBRARY, KITWE. | CBU-MAIN LIBRARY, KITWE. | 05/03/2023 | TS 513 Smi | 015999 | 05/03/2023 | 1 | 05/03/2023 | MONOGRAPH | |||||||
| CBU-MAIN LIBRARY, KITWE. | CBU-MAIN LIBRARY, KITWE. | 05/03/2023 | TS 513 Smi | 015998 | 05/03/2023 | 2 | 05/03/2023 | MONOGRAPH |